000 00478nam a2200121Ia 4500
008 220620s9999||||xx |||||||||||||| ||und||
245 0 _aFeminist Solutions for Ending War
546 _aEnglish[eng]
650 _aSocial Science||Feminism & Feminist Theory||Political Science||International Relations||Political Science||Peace
700 _aMacKenzie, Megan||Wegner, Nicole
856 _uhttps://library.oapen.org/bitstream/20.500.12657/52008/1/external_content.pdf
942 _cEB
999 _c23663
_d23663